| 000 | 00959nam a22002537i 4500 | ||
|---|---|---|---|
| 003 | EG-ScBUE | ||
| 005 | 20221117023141.0 | ||
| 008 | 090729s2004 ua f 000 0 ara d | ||
| 017 | _a2004 / 16399 | ||
| 020 | _a977019297X | ||
| 040 |
_aEG-ScBUE _bara _erda _cEG-ScBUE _dEG-ScBUE |
||
| 043 | _an-us--- | ||
| 082 | 0 | 4 |
_222 _a303.625 _bم ج ي |
| 100 | 1 |
_aعبد المجيد، وحيد، _eمؤلف. |
|
| 245 | 1 | 2 |
_aالإرهاب وأمريكا والإسلام : _bمن يطفىء النار !؟ .. / _cد. وحيد عبد المجيد. |
| 264 | 1 |
_aالقاهرة : _bدار مصر المحروسة، _c2004. |
|
| 300 | 3 |
_a228 صفحة ؛ _c20 سم. |
|
| 490 | 0 |
_aمكتبة الأسرة. _aالأعمال الخاصة |
|
| 650 | 7 |
_9494 _aالإرهاب _zالولايات المتحدة الأمريكية. _2BUEsh |
|
| 650 | 7 |
_aالإسلام والغرب. _2BUEsh |
|
| 653 |
_bGGEN _cNovember2022 |
||
| 655 | _vReading book | ||
| 942 |
_2ddc _cBB |
||
| 999 |
_c29974 _d29945 |
||